000 00832nam a22002177a 4500
003 OSt
005 20260312033411.0
008 260312b |||||||| |||| 00| 0 eng d
020 _a978-1845-5728-53
040 _aDWCL GS lib
_cOC
082 _aK57s 2005
100 _aKIPLING, RUDYARD
245 _aStories from the jungle book: level 2
_cRUDYARD KIPLING
260 _aNew Delhi
_bRising Sun
_c2005
300 _a80 p
_c21 cm
520 _agenerally follows Mowgli's growth, education under Baloo and Bagheera, and his struggle with identity between the wolf pack and the human village.
650 _athe adventures of Mowgli, are designed to introduce themes of nature, survival, and friendship to young learners.
650 _acourage, friendship, and respecting rules.
700 _aRUDYARD KIPLING
942 _2ddc
_cFIC.
_n0
999 _c9007
_d9007